Restoring nature : (Registro nro. 2541)

Detalles MARC
000 -CABECERA
Campo de control 00854cam a2200241 a 4500
005 - FECHA Y HORA DE LA ULTIMA TRANSACCION
Campo de control 20191224041640.0
008 - ELEMENTOS DE LONGITUD FIJA—INFORMACION GENERAL
Campo de control 000501s2000 dcuab b 001 0 eng
020 ## - ISBN
ISBN 1559637676 (cloth : alk. paper)
020 ## - ISBN
ISBN 1559637684 (pbk.)
040 ## - FUENTE DE CATALOGACIÓN
Agencia catalogadora original DLC
Agencia transcriptora DLC
Agencia Modificadora DLC
-- CO-BoIAVH
041 ## - IDIOMA
Código de idioma para texto/pista de sonido o título separado Inglés
082 04 - NUMERO DE CLASIFICACION DECIMAL DEWEY
Número de clasificación 333.75153
Número del ítem R43r2
245 00 - MENCION DE TITULO
Título Restoring nature :
Parte restante del título perspectives from the social sciences and humanities /
Mención de responsabilidad edited by Paul H. Gobster and R. Bruce Hull.
260 ## - PUBLICACION, DISTRIBUCION, ETC. (PIE DE IMPRENTA)
Lugar de publicación, distribución, etc. Washington, D.C. :
Nombre del editor, distribuidor, etc. Island Press,
Fecha de publicación, distribución, etc. c2000.
300 ## - DESCRIPCION FISICA
Extensión xiii, 321 p. :
Otros detalles físicos ill., maps ;
Dimensiones 24 cm.
650 14 - ASIENTO SECUNDARIO DE MATERIA - TERMINO TEMATICO
Término temático o nombre geográfico como elemento de entrada Ecología forestal
650 24 - ASIENTO SECUNDARIO DE MATERIA - TERMINO TEMATICO
Término temático o nombre geográfico como elemento de entrada Reforestación
650 24 - ASIENTO SECUNDARIO DE MATERIA - TERMINO TEMATICO
Término temático o nombre geográfico como elemento de entrada Industria forestal
650 24 - ASIENTO SECUNDARIO DE MATERIA - TERMINO TEMATICO
Término temático o nombre geográfico como elemento de entrada Conservación de bosques
700 1# - ASIENTO SECUNDARIO - NOMBRE PERSONAL
Nombre personal Gobster, Paul H.,
Término de relación editor.
700 1# - ASIENTO SECUNDARIO - NOMBRE PERSONAL
Nombre personal Hull, R. Bruce,
Término de relación editor.
942 ## - ELEMENTOS ADICIONALES (KOHA)
Sistema de clasificación Dewey Decimal Classification
Tipo de ítem Libro
Existencias
Withdrawn status Lost status Sistema de Clasificación Damaged status No para préstamo Colección Inventariado Ubicación Permanente Ubicación actual Fecha de adquisición Fuente de Valor Valor Total Checkouts Número topográfico Inventario / Código de Barras Date last seen Ejemplar Price effective from Forma de adquisición Tipo de material
    Dewey Decimal Classification     General Inventariado 2017 Bogotá Bogotá 11/02/2002 Instituto 39000.00   LB-333.75153 R43r2 003138 04/12/2012 Ej. 1 04/12/2012   Libro